| 000 | 01977nam a2200397 i 4500 | ||
|---|---|---|---|
| 999 |
_c2740 _d2740 |
||
| 001 | ocm17239272 | ||
| 003 | OSt | ||
| 005 | 20230818104610.0 | ||
| 008 | 180622s2008 enka e 000 1 eng d | ||
| 020 | _a9780194791212 | ||
| 040 |
_aVLB _cVLB _dBDX _dDLC _dCaOL _dKH8 _beng _erda |
||
| 082 | _a823.914 DIB | ||
| 100 | 1 |
_aDibdin, Michael, _eauthor. |
|
| 245 | 1 | 4 |
_aThe last Sherlock Holmes story / _cMichael Dibdin ; retold by Rosalie Kerr ; [illustrated by Paul Dickinson] |
| 250 | _aSimplified edition. | ||
| 264 | 1 |
_aOxford, [England] : _bOxford University Press, _c[2008] |
|
| 264 | 4 | _c©2008. | |
| 300 |
_a72 pages : _billustrations ; _c20 cm. |
||
| 336 |
_atext _2rdacontent. |
||
| 337 |
_aunmediated _2rdamedia. |
||
| 338 |
_avolume _2rdacarrier. |
||
| 490 | 1 | _aOxford bookworms library, Crime & mystery, Stage 3. | |
| 500 | _aIncluded in the reader: story and activities. | ||
| 505 | 0 | _aThe first murders -- Professor Moriarty -- Jack the Ripper kills again -- Moriarty is dead -- Death at the Reichenbach Falls. | |
| 520 | _aFor fifty years after Dr Watson's death, a packet of papers, written by the doctor himself, lay hidden in a locked box. The papers contained an extraordinary report of the case of Jack the Ripper and the horrible murders in the East End of London in 1888. The detective, of course, was the great Sherlock Holmes - but why was the report kept hidden for so long? This is the story that Sir Arthur Conan Doyle never wrote. It is a strange and frightening tale . . | ||
| 600 | 1 | 0 |
_aHolmes, Sherlock _vFiction. |
| 650 | 0 |
_aReading comprehension _vProblems, exercises, etc. |
|
| 650 | 0 | _aHigh interest-low vocabulary books. | |
| 650 | 0 | _aReaders for new literates. | |
| 650 | 0 | _aReaders (Adult) | |
| 650 | 0 |
_aPrivate investigators _zEngland _vFiction. |
|
| 650 | 0 |
_aDetective and mystery fiction. _2genre. |
|
| 700 | 1 |
_aDickinson, Paul, _eillustrator. |
|
| 830 | 0 |
_aOxford bookworms library. _pCrime & mystery. |
|
| 942 |
_2ddc _cTR |
||